[Event "Asia Nations online Cup (Women)"]
[Site "Chess.com INT"]
[Date "2020.10.19"]
[Round "9.7"]
[White "Berezina, Irina"]
[Black "Chong, Kai Ni Agnes"]
[Result "1-0"]
[WhiteElo "2081"]
[BlackElo "1892"]
[PlyCount "87"]
[EventDate "2020.10.11"]
[EventType "team-swiss (rapid)"]
[EventRounds "9"]
[EventCountry "IND"]
[SourceTitle "CBM 198 Extra"]
[Source "ChessBase"]
[SourceDate "2020.11.30"]
[SourceVersion "1"]
[SourceVersionDate "2020.11.30"]
[SourceQuality "1"]
[WhiteTeam "Australia (W)"]
[BlackTeam "Malaysia (W)"]
[WhiteTeamCountry "AUS"]
[BlackTeamCountry "MAS"]

1. d4 d5 2. Nf3 Nf6 3. c4 c6 4. g3 Bf5 5. Qb3 Qb6 6. c5 Qxb3 7. axb3 Nbd7 8. Nc3 Ne4 9. Bf4 a6 10. b4 Rc8 11. h4 f6 12. h5 Kf7 13. Bh3 Bxh3 14. Rxh3 Re8 15. Bc7 Nxc3 16. bxc3 e5 17. dxe5 Nxe5 18. Bxe5 fxe5 19. Kd2 e4 20. Nd4 Be7 21. f4 g6 22. Rah1 Bf6 23. Ke3 Bg7 24. g4 h6 25. hxg6+ Kxg6 26. Kd2 Bxd4 27. cxd4 b6 28. Kc3 bxc5 29. dxc5 Rh7 30. Rh5 Rd8 31. e3 Rdh8 32. Re5 Kf6 33. Rhh5 Rc8 34. Rhf5+ Kg7 35. Re6 Kg8 36. Rff6 Rg7 37. Rxc6 Rxc6 38. Rxc6 Rxg4 39. Rxa6 Kg7 40. Kd4 h5 41. Kxd5 h4 42. Kxe4 h3 43. Ra1 h2 44. Rh1 1-0

[Event "Olympiad Women-43"]
[Site "Batumi"]
[Date "2018.09.27"]
[Round "4.10"]
[White "Berezina, Irina"]
[Black "Lomaia, Diana"]
[Result "1-0"]
[WhiteElo "2112"]
[BlackElo "1876"]
[PlyCount "77"]
[EventDate "2018.09.24"]
[EventType "team-swiss"]
[EventRounds "11"]
[EventCountry "GEO"]
[SourceTitle "EXT 2020"]
[Source "ChessBase"]
[SourceDate "2019.10.17"]
[SourceVersion "1"]
[SourceVersionDate "2019.10.17"]
[SourceQuality "1"]
[WhiteTeam "Australia (W)"]
[BlackTeam "Georgia (W) III"]
[WhiteTeamCountry "AUS"]
[BlackTeamCountry "GEO"]

1. d4 Nf6 2. c4 g6 3. Nf3 Bg7 4. Nc3 0-0 5. g3 d6 6. Bg2 Nc6 7. 0-0 a6 8. b3 Rb8 9. Bb2 b5 10. cxb5 axb5 11. Rc1 Bd7 12. d5 Na5 13. Nd4 e6 14. e4 e5 15. Nc2 Ne8 16. Nb4 f5 17. Rc2 f4 18. f3 fxg3 19. hxg3 Qg5 20. Qe1 Rf7 21. Bc1 Qf6 22. Be3 g5 23. Qd2 h6 24. Ne2 Ra8 25. Nd3 Nb7 26. f4 exf4 27. gxf4 gxf4 28. Rxf4 Qg6 29. Rxf7 Kxf7 30. Ndf4 Qg4 31. Ne6 Rc8 32. N2d4 Nf6 33. Qd3 Kg8 34. Nf5 Bxe6 35. dxe6 Kh8 36. Rf2 Rf8 37. e7 Re8 38. Nxg7 Kxg7 39. Bd4 1-0

[Event "Dubai op 20th"]
[Site "Dubai"]
[Date "2018.04.07"]
[Round "6"]
[White "Haria, Ravi"]
[Black "Berezina, Irina"]
[Result "1-0"]
[WhiteElo "2441"]
[BlackElo "2082"]
[PlyCount "67"]
[EventDate "2018.04.02"]
[EventType "swiss"]
[EventRounds "9"]
[EventCountry "UAE"]
[SourceTitle "CBM 183 Extra"]
[Source "ChessBase"]
[SourceDate "2018.04.19"]
[SourceVersion "1"]
[SourceVersionDate "2018.04.19"]
[SourceQuality "1"]

1. Nf3 Nf6 2. g3 g6 3. Bg2 Bg7 4. 0-0 0-0 5. d4 d6 6. c4 Nc6 7. Nc3 a6 8. Qc2 Bg4 9. Rd1 Qc8 10. b3 e5 11. dxe5 dxe5 12. Bg5 Bf5 13. Qc1 Re8 14. Ne1 e4 15. Nc2 Ng4 16. Nd5 f6 17. Bd2 Nge5 18. Bc3 Ne7 19. Nde3 c6 20. Qb2 Bh6 21. Rd6 Nf7 22. Rd2 Ne5 23. Rad1 Qc7 24. c5 a5 25. Rd6 Nd5 26. Nxd5 cxd5 27. Nd4 Bf8 28. Nxf5 gxf5 29. Rxf6 Bg7 30. Rd6 Qxc5 31. R1xd5 Nd3 32. Rxc5 Nxb2 33. Bxg7 Kxg7 34. Rc2 1-0

[Event "Dubai op 18th"]
[Site "Dubai"]
[Date "2016.04.12"]
[Round "2"]
[White "Berezina, Irina"]
[Black "Sanal, Vahap"]
[Result "0-1"]
[WhiteElo "2154"]
[BlackElo "2478"]
[PlyCount "71"]
[EventDate "2016.04.11"]
[EventType "swiss"]
[EventRounds "9"]
[EventCountry "UAE"]
[SourceTitle "CBM 172 Extra"]
[Source "ChessBase"]
[SourceDate "2016.06.21"]
[SourceVersion "1"]
[SourceVersionDate "2016.06.21"]
[SourceQuality "1"]

1. d4 Nf6 2. c4 e6 3. g3 d5 4. Nf3 Bb4+ 5. Bd2 Be7 6. Bg2 0-0 7. 0-0 Nbd7 8. Qc2 c6 9. Rd1 b6 10. b3 Ba6 11. Bf4 Rc8 12. Ne5 Nxe5 13. Bxe5 c5 14. cxd5 Ng4 15. Qb2 exd5 16. Bh3 f5 17. e3 Nxe5 18. dxe5 d4 19. Nd2 dxe3 20. fxe3 Bg5 21. Nc4 Qe7 22. Qc3 Rce8 23. Rd5 Bb7 24. Rad1 Bxd5 25. Rxd5 Qf7 26. Bg2 Rd8 27. Nd6 Qg6 28. Rd3 Be7 29. Qd2 Kh8 30. Rd5 Bxd6 31. exd6 Rd7 32. Bh3 Rf6 33. e4 Rfxd6 34. Qf4 Rxd5 35. exd5 Qf6 36. Bf1 0-1

[Event "Australian Masters (Women)"]
[Site "Melbourne"]
[Date "2016.01.20"]
[Round "7"]
[White "Gara, Ticia"]
[Black "Berezina, Irina"]
[Result "1-0"]
[WhiteElo "2347"]
[BlackElo "2178"]
[PlyCount "79"]
[EventDate "2016.01.14"]
[EventType "tourn"]
[EventRounds "9"]
[EventCountry "AUS"]
[SourceTitle "CBM 170 Extra"]
[Source "ChessBase"]
[SourceDate "2016.02.25"]
[SourceVersion "1"]
[SourceVersionDate "2016.02.25"]
[SourceQuality "1"]

1. e4 g6 2. d4 Bg7 3. Nf3 d6 4. Nc3 Nd7 5. Be2 c6 6. 0-0 Qc7 7. a4 Ngf6 8. h3 0-0 9. Be3 b6 10. Qd2 Bb7 11. Rad1 Rad8 12. Bh6 Rfe8 13. Bxg7 Kxg7 14. Nh4 b5 15. axb5 cxb5 16. Nxb5 Qb6 17. f3 Ba6 18. Nc7 Qxc7 19. Bxa6 Qb6 20. Bc4 Ne5 21. Bb3 Rc8 22. Rf2 Nc6 23. Qg5 e6 24. e5 Nd7 25. d5 Ncxe5 26. dxe6 fxe6 27. f4 Nf7 28. Qg4 Nf6 29. Qe2 d5 30. Kh2 Ne4 31. Rff1 Nfd6 32. Nf3 Nf5 33. Rfe1 Rf8 34. Ng5 Nfg3 35. Qg4 Rf6 36. Bxd5 exd5 37. Qxc8 Rd6 38. Rxe4 Nxe4 39. Qe8 Kh6 40. Qf8+ 1-0

[Event "Australian Masters (Women)"]
[Site "Melbourne"]
[Date "2016.01.19"]
[Round "6"]
[White "Berezina, Irina"]
[Black "Zhang, Jilin"]
[Result "0-1"]
[WhiteElo "2178"]
[BlackElo "2250"]
[PlyCount "104"]
[EventDate "2016.01.14"]
[EventType "tourn"]
[EventRounds "9"]
[EventCountry "AUS"]
[SourceTitle "CBM 170 Extra"]
[Source "ChessBase"]
[SourceDate "2016.02.25"]
[SourceVersion "1"]
[SourceVersionDate "2016.02.25"]
[SourceQuality "1"]

1. d4 Nf6 2. Nf3 g6 3. c4 c5 4. d5 d6 5. Nc3 Bg7 6. g3 0-0 7. Bg2 e6 8. 0-0 exd5 9. cxd5 Na6 10. h3 Nc7 11. a4 Rb8 12. Nd2 b6 13. Nc4 Ba6 14. Na3 Bb7 15. Nc4 Ba6 16. Na3 Qd7 17. Re1 Rfe8 18. e4 b5 19. axb5 Bxb5 20. Kh2 a6 21. Be3 Qd8 22. f4 Nd7 23. Qc2 h5 24. Rab1 Na8 25. Bf3 Qf6 26. Kg2 Nab6 27. g4 hxg4 28. hxg4 Nc4 29. Nxc4 Bxc4 30. e5 Qd8 31. exd6 Nf6 32. b3 Bb5 33. g5 Nh5 34. Bxh5 gxh5 35. Ne4 Qd7 36. Nf2 Qxd6 37. Qxc5 Qd7 38. Rbd1 Rbc8 39. Qa7 Rc7 40. Qb6 Rc2 41. Kg3 Be2 42. d6 Bxd1 43. Rxd1 Rc3 44. Rd3 Rxd3 45. Nxd3 Bf8 46. Ne5 Qxd6 47. Qb7 Qe6 48. Qf3 Qxb3 49. Kh4 Bg7 50. Kxh5 Bxe5 51. fxe5 Rxe5 52. Qa8+ Kg7 0-1

[Event "Australian Masters (Women)"]
[Site "Melbourne"]
[Date "2016.01.18"]
[Round "5"]
[White "Berezina, Irina"]
[Black "Novosadova, Kristyna"]
[Result "1/2-1/2"]
[WhiteElo "2178"]
[BlackElo "2231"]
[PlyCount "126"]
[EventDate "2016.01.14"]
[EventType "tourn"]
[EventRounds "9"]
[EventCountry "AUS"]
[SourceTitle "CBM 170 Extra"]
[Source "ChessBase"]
[SourceDate "2016.02.25"]
[SourceVersion "1"]
[SourceVersionDate "2016.02.25"]
[SourceQuality "1"]

1. d4 Nf6 2. Nf3 g6 3. g3 Bg7 4. Bg2 0-0 5. 0-0 d5 6. b3 Bf5 7. Bb2 Nbd7 8. c4 c6 9. Nc3 e6 10. Re1 Ne4 11. e3 Bg4 12. Qc2 Bxf3 13. Bxf3 f5 14. Bg2 h5 15. f3 Nef6 16. Ne2 h4 17. Nf4 Re8 18. Nxg6 hxg3 19. hxg3 Kf7 20. Nf4 Bh6 21. Kf2 Bxf4 22. exf4 Nh5 23. Rh1 Ndf6 24. Rh3 Rh8 25. Rah1 Qd7 26. Bf1 Rag8 27. a4 Ke8 28. cxd5 exd5 29. Bd3 Qg7 30. Ke1 Nxg3 31. Rxh8 Rxh8 32. Rxh8+ Qxh8 33. Qf2 Qh4 34. Kd1 Qxf4 35. Bc1 Qh4 36. Kc2 Kf7 37. Qe3 Nfh5 38. Bd2 Qf6 39. b4 f4 40. Qg1 Nf5 41. Bc3 Ne3+ 42. Kb3 Ng7 43. Qh1 Ne6 44. Qh7+ Qg7 45. Qh5+ Ke7 46. Qh4+ Kd6 47. Ka3 Qg3 48. Qf6 Nc4+ 49. Bxc4 dxc4 50. Qe5+ Kd7 51. d5 cxd5 52. Qxd5+ Ke7 53. Qxb7+ Kd8 54. Qb8+ Ke7 55. Qb7+ Kd6 56. Qb8+ Nc7 57. Qf8+ Kc6 58. Qc5+ Kb7 59. Qxc4 Qxf3 60. b5 Nd5 61. Qc6+ Kb8 62. Qe8+ Kb7 63. Qc6+ Kb8 1/2-1/2

[Event "Australian Masters (Women)"]
[Site "Melbourne"]
[Date "2016.01.15"]
[Round "2"]
[White "Ryjanova, Julia"]
[Black "Berezina, Irina"]
[Result "1-0"]
[WhiteElo "2387"]
[BlackElo "2178"]
[PlyCount "63"]
[EventDate "2016.01.14"]
[EventType "tourn"]
[EventRounds "9"]
[EventCountry "AUS"]
[SourceTitle "CBM 170 Extra"]
[Source "ChessBase"]
[SourceDate "2016.02.25"]
[SourceVersion "1"]
[SourceVersionDate "2016.02.25"]
[SourceQuality "1"]

1. d4 Nf6 2. c4 g6 3. Nc3 Bg7 4. e4 d6 5. f3 0-0 6. Bg5 a6 7. Qd2 c6 8. Nge2 b5 9. Ng3 Nbd7 10. Rc1 Rb8 11. b3 b4 12. Nd1 e5 13. d5 c5 14. Bd3 a5 15. h4 h5 16. Ne2 Qe8 17. g4 hxg4 18. Ng3 gxf3 19. h5 Ng4 20. Nf2 Ndf6 21. h6 Bh8 22. Nxg4 Bxg4 23. h7+ Nxh7 24. Qh2 Bh5 25. Bh6 Qe7 26. Nxh5 Rfd8 27. Ng3 Bf6 28. Be3 Nf8 29. Kf2 Bg7 30. Rcg1 f6 31. Nf5 Qd7 32. Bh6 1-0

[Event "Olympiad Women-41"]
[Site "Tromsoe"]
[Date "2014.08.10"]
[Round "8.1"]
[White "Berezina, Irina"]
[Black "Bojkovic, Natasa"]
[Result "1-0"]
[WhiteElo "2182"]
[BlackElo "2425"]
[PlyCount "111"]
[EventDate "2014.08.02"]
[EventType "team-swiss"]
[EventRounds "11"]
[EventCountry "NOR"]
[SourceTitle "CBM 162"]
[Source "ChessBase"]
[SourceDate "2014.09.17"]
[SourceVersion "1"]
[SourceVersionDate "2014.09.17"]
[SourceQuality "1"]
[WhiteTeam "Australia (W)"]
[BlackTeam "Serbia (W)"]
[WhiteTeamCountry "AUS"]
[BlackTeamCountry "SRB"]

1. d4 Nf6 2. c4 e6 3. g3 d5 4. Bg2 Bb4+ 5. Bd2 Be7 6. Nf3 c6 7. Qc2 b6 8. 0-0 0-0 9. Nc3 dxc4 10. Rfd1 a5 11. e4 Na6 12. a3 Nc7 13. Na4 Rb8 14. Bf4 Bd7 15. Ne5 Be8 16. h3 Nh5 17. Be3 f6 18. Nf3 g6 19. b3 cxb3 20. Qxb3 Ng7 21. Rab1 Kh8 22. Ne1 Bf7 23. Nc2 f5 24. f3 fxe4 25. fxe4 Bg5 26. Qd3 Bxe3+ 27. Nxe3 Qg5 28. Ng4 c5 29. Ne5 Be8 30. h4 Qd8 31. Nxb6 cxd4 32. a4 Nb5 33. axb5 Qxb6 34. Bf1 Rd8 35. Nc4 Qa7 36. b6 Qf7 37. Rd2 a4 38. Rbb2 Bc6 39. Ne5 Qb7 40. Nxc6 Qxc6 41. Rdc2 Qd6 42. b7 Rb8 43. Rb5 a3 44. Be2 Qe7 45. Qb3 Qf7 46. Bc4 d3 47. Bxd3 Qf3 48. Rg2 a2 49. Ra5 Qf7 50. Ba6 Qc7 51. Raxa2 Qc5+ 52. Kh2 Nh5 53. Qxe6 Nf6 54. Rac2 Qa7 55. Rc8 h5 56. Qxf6+ 1-0

[Event "Doeberl Cup 52nd"]
[Site "Canberra"]
[Date "2014.04.18"]
[Round "3"]
[White "Goundar, Sanmogam"]
[Black "Berezina, Irina"]
[Result "1-0"]
[WhiteElo "1969"]
[BlackElo "2195"]
[PlyCount "47"]
[EventDate "2014.04.17"]
[EventType "swiss"]
[EventRounds "9"]
[EventCountry "AUS"]
[SourceTitle "CBM 159 Extra"]
[Source "ChessBase"]
[SourceDate "2014.04.24"]
[SourceVersion "1"]
[SourceVersionDate "2014.04.24"]
[SourceQuality "1"]

1. e4 g6 2. d4 Bg7 3. Nc3 c6 4. Nf3 d5 5. h3 Nh6 6. Bf4 f6 7. exd5 cxd5 8. Nb5 Na6 9. c4 0-0 10. cxd5 Qxd5 11. Nc3 Qa5 12. Bc4+ Kh8 13. 0-0 g5 14. Bd2 g4 15. hxg4 Bxg4 16. Nd5 Qd8 17. Bc3 Rc8 18. Bb3 Qd6 19. Re1 Nf5 20. Qd3 Bh6 21. Nh2 Rg8 22. Nxg4 Rxg4 23. Qxf5 Rcg8 24. Rxe7 1-0

[Event "Oceania zt (Women)"]
[Site "Nadi"]
[Date "2013.05.08"]
[Round "7"]
[White "Berezina, Irina"]
[Black "Vukikomoala, Hilda"]
[Result "1-0"]
[WhiteElo "2191"]
[BlackElo "1426"]
[PlyCount "73"]
[EventDate "2013.05.05"]
[EventType "swiss"]
[EventRounds "9"]
[EventCountry "FIJ"]
[SourceTitle "CBM 154 Extra"]
[Source "ChessBase"]
[SourceDate "2013.06.25"]
[SourceVersion "2"]
[SourceVersionDate "2013.06.25"]
[SourceQuality "1"]

1. d4 d5 2. Nf3 Nf6 3. c4 e6 4. g3 g6 5. Bg2 Bg7 6. 0-0 0-0 7. Nc3 Nc6 8. Bf4 a6 9. Ne5 Nd7 10. Nxc6 bxc6 11. Rc1 Bb7 12. b3 Rc8 13. Be3 Qe7 14. Qd2 Rfe8 15. cxd5 cxd5 16. Na4 e5 17. dxe5 Bxe5 18. Bxd5 Bxd5 19. Qxd5 Bg7 20. Rc2 Nf6 21. Qf3 Red8 22. Rfc1 Nd5 23. Bc5 Qe6 24. Ba3 Bf8 25. Bxf8 Kxf8 26. Rc6 Qe7 27. Nc5 Nb4 28. Ne6+ Kg8 29. Nxd8 Nxc6 30. Nxc6 Qd6 31. Qd3 Qe6 32. Qxa6 Rd8 33. Qc4 Qxc4 34. Rxc4 Rd2 35. a4 Rxe2 36. a5 Ra2 37. Ra4 1-0

[Event "Oceania zt (Women)"]
[Site "Nadi"]
[Date "2013.05.07"]
[Round "5"]
[White "Berezina, Irina"]
[Black "Jarek, Katherine"]
[Result "1-0"]
[WhiteElo "2191"]
[BlackElo "1940"]
[PlyCount "47"]
[EventDate "2013.05.05"]
[EventType "swiss"]
[EventRounds "9"]
[EventCountry "FIJ"]
[SourceTitle "CBM 154 Extra"]
[Source "ChessBase"]
[SourceDate "2013.06.25"]
[SourceVersion "2"]
[SourceVersionDate "2013.06.25"]
[SourceQuality "1"]

1. d4 d5 2. c4 e6 3. Nf3 Nf6 4. g3 g6 5. Bg2 Bg7 6. 0-0 0-0 7. Qc2 Nbd7 8. Rd1 c6 9. Nbd2 b6 10. e4 dxe4 11. Nxe4 Nxe4 12. Qxe4 Bb7 13. Bf4 Qc8 14. Qe2 Re8 15. Qc2 e5 16. Be3 exd4 17. Bxd4 c5 18. Bxg7 Kxg7 19. Rd6 Qc7 20. Rad1 Re7 21. Qc3+ Kg8 22. Bh3 Bxf3 23. Qxf3 Rd8 24. Qd5 1-0

[Event "Oceania zt (Women)"]
[Site "Nadi"]
[Date "2013.05.06"]
[Round "3"]
[White "Berezina, Irina"]
[Black "Guo, Emma"]
[Result "1/2-1/2"]
[WhiteElo "2191"]
[BlackElo "2092"]
[PlyCount "45"]
[EventDate "2013.05.05"]
[EventType "swiss"]
[EventRounds "9"]
[EventCountry "FIJ"]
[SourceTitle "CBM 154 Extra"]
[Source "ChessBase"]
[SourceDate "2013.06.25"]
[SourceVersion "2"]
[SourceVersionDate "2013.06.25"]
[SourceQuality "1"]

1. d4 Nf6 2. Nf3 g6 3. g3 Bg7 4. Bg2 d5 5. 0-0 0-0 6. c4 c6 7. cxd5 cxd5 8. Nc3 Nc6 9. Ne5 Bf5 10. Nxc6 bxc6 11. Na4 Rc8 12. Bf4 Nd7 13. Rc1 Re8 14. b3 e5 15. dxe5 Nxe5 16. Qc2 Nd7 17. Rfe1 Nf6 18. Nc5 Ne4 19. Bxe4 Bxe4 20. Nb7 Qd7 21. Nd6 g5 22. Nxe4 gxf4 23. Ng5 1/2-1/2

[Event "Oceania zt (Women)"]
[Site "Nadi"]
[Date "2013.05.06"]
[Round "4"]
[White "Lane, Nancy"]
[Black "Berezina, Irina"]
[Result "1/2-1/2"]
[WhiteElo "1930"]
[BlackElo "2191"]
[PlyCount "89"]
[EventDate "2013.05.05"]
[EventType "swiss"]
[EventRounds "9"]
[EventCountry "FIJ"]
[SourceTitle "CBM 154 Extra"]
[Source "ChessBase"]
[SourceDate "2013.06.25"]
[SourceVersion "2"]
[SourceVersionDate "2013.06.25"]
[SourceQuality "1"]

1. d4 Nf6 2. g3 c5 3. Bg2 cxd4 4. Qxd4 Nc6 5. Qd1 g6 6. e4 Bg7 7. Nc3 d6 8. Nge2 0-0 9. 0-0 Bd7 10. Nd5 Nxd5 11. exd5 Ne5 12. c3 Qc8 13. Bf4 Bb5 14. Bxe5 Bxe5 15. Re1 a5 16. Nd4 Ba6 17. a4 Bf6 18. Rc1 Qc5 19. Qd2 Bc4 20. Ne2 Bxe2 21. Qxe2 Rfc8 22. h4 Qc4 23. Qxc4 Rxc4 24. Re4 Rxe4 25. Bxe4 Rc8 26. Re1 Rc5 27. Kg2 Kf8 28. Rd1 h5 29. Bf3 b5 30. axb5 Rxb5 31. Rd2 a4 32. Rc2 Ke8 33. Kf1 Kd8 34. Ke2 Kc7 35. Kd3 Kb6 36. Kc4 Ka5 37. Bg2 Rb8 38. Bf3 Rc8+ 39. Kd3 Rc7 40. Bg2 Kb5 41. Bf3 Kc5 42. Bg2 Rb7 43. Bf3 Rb3 44. Bg2 Rb6 45. Bf3 1/2-1/2

[Event "Oceania zt (Women)"]
[Site "Nadi"]
[Date "2013.05.05"]
[Round "1"]
[White "Berezina, Irina"]
[Black "Smith, Vivian J"]
[Result "1-0"]
[WhiteElo "2191"]
[BlackElo "1742"]
[PlyCount "79"]
[EventDate "2013.05.05"]
[EventType "swiss"]
[EventRounds "9"]
[EventCountry "FIJ"]
[SourceTitle "CBM 154 Extra"]
[Source "ChessBase"]
[SourceDate "2013.06.25"]
[SourceVersion "2"]
[SourceVersionDate "2013.06.25"]
[SourceQuality "1"]

1. d4 Nf6 2. Nf3 g6 3. c4 Bg7 4. Nc3 d6 5. e4 0-0 6. h3 e5 7. d5 a5 8. Bg5 h6 9. Be3 Nbd7 10. g4 Nc5 11. Nd2 c6 12. Be2 cxd5 13. cxd5 b6 14. f3 Nh7 15. Qc2 Bd7 16. Nc4 Qc7 17. Na3 Rfc8 18. Qd2 g5 19. h4 f6 20. Kf2 Qd8 21. Bb5 Nf8 22. h5 Kf7 23. Rhc1 Nh7 24. Qe2 Bf8 25. Kg3 Be7 26. Rc2 Nf8 27. Nc4 Bxb5 28. Nxb5 Ke8 29. Bf2 Rcb8 30. Ne3 Kf7 31. Rac1 Rc8 32. Nf5 Qd7 33. b3 Qd8 34. Rc3 Rcb8 35. R1c2 Rb7 36. a3 Rd7 37. Be3 Qe8 38. b4 axb4 39. axb4 Na6 40. Ra3 1-0

[Event "Oceania zt (Women)"]
[Site "Rotorua"]
[Date "2011.01.31"]
[Round "11"]
[White "Berezina, Irina"]
[Black "Gao, Judy"]
[Result "1/2-1/2"]
[WhiteElo "2238"]
[BlackElo "1914"]
[PlyCount "41"]
[EventDate "2011.01.25"]
[EventType "tourn"]
[EventRounds "11"]
[EventCountry "NZL"]
[SourceTitle "EXT 2012"]
[Source "ChessBase"]
[SourceDate "2011.11.24"]
[SourceVersion "1"]
[SourceVersionDate "2011.11.24"]
[SourceQuality "1"]

1. d4 g6 2. Nf3 Bg7 3. g3 d6 4. Bg2 f5 5. 0-0 Nf6 6. b3 0-0 7. Bb2 e6 8. c4 Qe7 9. Nc3 Nbd7 10. Qc2 e5 11. dxe5 Nxe5 12. Rfe1 Rb8 13. Rad1 Nxf3+ 14. Bxf3 f4 15. Nd5 Nxd5 16. Bxd5+ Be6 17. Bxg7 Kxg7 18. Qc3+ Kg8 19. Qd4 Bxd5 20. Qxd5+ Qf7 21. Qxf7+ 1/2-1/2

[Event "Oceania zt (Women)"]
[Site "Rotorua"]
[Date "2011.01.30"]
[Round "10"]
[White "Tsoi, Nicole"]
[Black "Berezina, Irina"]
[Result "0-1"]
[WhiteElo "1675"]
[BlackElo "2238"]
[PlyCount "72"]
[EventDate "2011.01.25"]
[EventType "tourn"]
[EventRounds "11"]
[EventCountry "NZL"]
[SourceTitle "EXT 2012"]
[Source "ChessBase"]
[SourceDate "2011.11.24"]
[SourceVersion "1"]
[SourceVersionDate "2011.11.24"]
[SourceQuality "1"]

1. d4 Nf6 2. Bf4 g6 3. e3 Bg7 4. Nf3 d6 5. Be2 0-0 6. h3 Nfd7 7. 0-0 Nc6 8. c3 e5 9. dxe5 dxe5 10. Bh2 Qe7 11. Qc2 Nc5 12. Nbd2 a5 13. Rac1 Ne6 14. Bc4 f6 15. Rfd1 Kh8 16. a3 Ncd8 17. b4 Bd7 18. Ba2 Nf7 19. Rb1 b6 20. Bd5 Ra7 21. Ra1 Nd6 22. Nc4 Nxc4 23. Bxc4 Rfa8 24. b5 Nc5 25. Bd5 Rc8 26. Rab1 a4 27. Nd2 Ra5 28. c4 Re8 29. e4 Bh6 30. f3 Be6 31. Bg3 Bxd5 32. cxd5 Bxd2 33. Qxd2 Nb3 34. d6 Nxd2 35. dxe7 Nxb1 36. Rd8 Ra8 0-1

[Event "Oceania zt (Women)"]
[Site "Rotorua"]
[Date "2011.01.25"]
[Round "1"]
[White "Setiabudi, Megan"]
[Black "Berezina, Irina"]
[Result "0-1"]
[WhiteElo "1627"]
[BlackElo "2238"]
[PlyCount "88"]
[EventDate "2011.01.25"]
[EventType "tourn"]
[EventRounds "11"]
[EventCountry "NZL"]
[SourceTitle "EXT 2012"]
[Source "ChessBase"]
[SourceDate "2011.11.24"]
[SourceVersion "1"]
[SourceVersionDate "2011.11.24"]
[SourceQuality "1"]

1. e4 c6 2. d4 g6 3. Nc3 Bg7 4. f4 d5 5. exd5 cxd5 6. Nf3 Nf6 7. Bd3 0-0 8. 0-0 Nc6 9. a3 a6 10. Ne2 Qb6 11. c3 Na5 12. Bc2 Nc4 13. Ne5 Nd6 14. Ng3 e6 15. Kh1 Qc7 16. Qf3 b6 17. Re1 Bb7 18. Nf1 a5 19. Ne3 Nfe4 20. Nd3 Rac8 21. Qe2 Rfe8 22. Bb1 Nf5 23. Nxf5 exf5 24. Qf3 Re7 25. Ba2 Rce8 26. Be3 Qd6 27. Rad1 Re6 28. Re2 Ba6 29. Bb1 Bc4 30. Bc2 Qc6 31. Ree1 Ba6 32. Re2 R8e7 33. Rde1 Qe8 34. Bb1 h5 35. Kg1 Bc4 36. Kh1 Qb5 37. Rd1 a4 38. Kg1 Nf6 39. h3 h4 40. Kh2 Qe8 41. Rde1 Nh5 42. Kg1 Ng3 43. Kf2 Nxe2 44. Rxe2 Qb5 0-1

[Event "AUS-ch Major"]
[Site "Cammeray"]
[Date "2011.01.06"]
[Round "5"]
[White "Encel, Benjamin"]
[Black "Berezina, Irina"]
[Result "1/2-1/2"]
[WhiteElo "1898"]
[BlackElo "2238"]
[PlyCount "63"]
[EventDate "2011.01.02"]
[EventType "swiss"]
[EventRounds "11"]
[EventCountry "AUS"]
[SourceTitle "CBM 140 Extra"]
[Source "ChessBase"]
[SourceDate "2011.03.01"]
[SourceVersion "1"]
[SourceVersionDate "2011.03.01"]
[SourceQuality "1"]

1. e4 c5 2. Nc3 a6 3. g3 b5 4. Bg2 Bb7 5. d3 e6 6. f4 d5 7. Qe2 Be7 8. Nf3 d4 9. Nd1 Nd7 10. 0-0 Qc7 11. Bd2 Ngf6 12. h3 0-0 13. g4 Rfc8 14. Qf2 Ne8 15. f5 exf5 16. Ng5 Nd6 17. gxf5 Ne5 18. Nf3 f6 19. Nxe5 fxe5 20. Qg3 Bf6 21. Nf2 Qe7 22. Ng4 Kh8 23. Kh1 c4 24. Rac1 a5 25. Bf3 b4 26. Nxf6 gxf6 27. b3 c3 28. Bh6 Rg8 29. Qh4 a4 30. Rce1 axb3 31. axb3 Nf7 32. Rg1 1/2-1/2

[Event "AUS-ch Major"]
[Site "Cammeray"]
[Date "2011.01.03"]
[Round "2"]
[White "Berezina, Irina"]
[Black "Abbott, Peter"]
[Result "1-0"]
[WhiteElo "2238"]
[BlackElo "1951"]
[PlyCount "75"]
[EventDate "2011.01.02"]
[EventType "swiss"]
[EventRounds "11"]
[EventCountry "AUS"]
[SourceTitle "CBM 140 Extra"]
[Source "ChessBase"]
[SourceDate "2011.03.01"]
[SourceVersion "1"]
[SourceVersionDate "2011.03.01"]
[SourceQuality "1"]

1. Nf3 d5 2. d4 Nf6 3. e3 e6 4. Bd3 Be7 5. 0-0 Nbd7 6. b3 b6 7. Bb2 Bb7 8. Nbd2 Ne4 9. Ne5 0-0 10. f4 Nxd2 11. Qxd2 f5 12. Qe2 Nf6 13. Rf3 Bd6 14. Rh3 g6 15. a4 Qe7 16. Bc3 Bxe5 17. fxe5 Ne4 18. Be1 c5 19. c3 Qc7 20. Bxe4 dxe4 21. Bh4 a6 22. Bf6 b5 23. Qf2 Bd5 24. c4 bxc4 25. bxc4 Bxc4 26. Rc1 Bd5 27. dxc5 Rfc8 28. Qg3 Qf7 29. Rh6 Kf8 30. h4 Ra7 31. h5 gxh5 32. Qh4 Qg8 33. Rxh5 Ke8 34. Rg5 Qf8 35. Qh5+ Rf7 36. Rg7 Bc6 37. Rd1 Bd5 38. Rxh7 1-0